Applied cryptography : (رقم التسجيلة. 40395)
[ عرض عادي ]
| 000 -الفاتح | |
|---|---|
| حقل البيانات ثابتة الطول | 00988cam a2200289 i 4500 |
| 001 - رقم الضبط | |
| رقم الضبط | 19601558 |
| 003 - محدد رقم الضبط | |
| رقم الضبط | OSt |
| 005 - وقت وتاريخ اخر تعامل مع التسجيلة | |
| رقم الضبط | 20170803193548.0 |
| 008 - عناصر البيانات ثابتة الطول - معلومات عامة | |
| حقل البيانات ثابتة الطول | 170418s2015 inua b 001 0 eng |
| 010 ## - رقم ضبط مكتبة الكونجرس | |
| رقم ضبط مكتبة الكونجرس | 2015932956 |
| 020 ## - الرقم الدولى المعيارى للكتب | |
| الرقم الدولى المعيارى للكتاب | 9781119096726 (hbk) |
| 040 ## - مصدر الفهرسة | |
| وكالة الفهرسة الأصلية | DLC |
| لغة الفهرسة | eng |
| قواعد الوصف | rda |
| وكالة النسخ | DLC |
| وكالة التعديل | DLC |
| 042 ## - رمز التحقق | |
| رمز التحقق | pcc |
| 050 00 - رقم طلب مكتبة الكونجرس | |
| رقم التصنيف | QA76.9.A25 |
| رقم المادة | S35 2015 |
| 082 00 - رقم تصنيف ديوى العشرى | |
| رقم التصنيف | 005.824 |
| رقم الطبعة | 23 |
| رقم المادة | SBA |
| 100 1# - المدخل الرئيسى - إسم شخصى | |
| الإسم الشخصى | Schneier, Bruce, |
| التواريخ المصاحبة للاسم | 1963- |
| الدور | author. |
| 9 (RLIN) | 39507 |
| 245 10 - بيان العنوان | |
| العنوان | Applied cryptography : |
| بقية العنوان | protocols, algorithms, and source code in C / |
| بيان المسئوليه,etc | Bruce Schneier. |
| 250 ## - بيان الطبعة | |
| بيان الطبعة | 20th anniversary edition. |
| 300 ## - الوصف المادى | |
| التعداد | xxv, 758 pages : |
| تفاصيل ماديه اخرى للوعاء | illustrations ; |
| أبعاد الوعاء | 24 cm |
| 504 ## - تبصرة ببليوجرافية | |
| تبصرة ببليوجرافية,الخ | Includes bibliographical references (pages 675-741) and index. |
| 650 #0 - المدخل الاضافى بالموضوع-مصطلح موضوعى | |
| مصطلح موضوعي أو اسم جغرافي كعنصر مدخل | Computer security. |
| 9 (RLIN) | 58408 |
| 650 #0 - المدخل الاضافى بالموضوع-مصطلح موضوعى | |
| مصطلح موضوعي أو اسم جغرافي كعنصر مدخل | Telecommunication |
| التقسيم الفرعي العام | Security measures. |
| 9 (RLIN) | 58409 |
| 650 #0 - المدخل الاضافى بالموضوع-مصطلح موضوعى | |
| مصطلح موضوعي أو اسم جغرافي كعنصر مدخل | Cryptography. |
| 9 (RLIN) | 58410 |
| 906 ## - عنصر بيانات محلى F, LDF (RLIN) | |
| a | 7 |
| b | cbc |
| c | orignew |
| d | 2 |
| e | epcn |
| f | 20 |
| g | y-gencatlg |
| 942 ## - عناصر المدخل الإضافي( كوها) | |
| مصدر التصنيف او مخطط الترفيف | Dewey Decimal Classification |
| Koha [default] item type | كتاب |
| حالة الفقد | نموذج السعر الفعال | حالة تلف | ليس للاعارة | رقم الطلب | تاريخ الاكتساب | الموقع الحالي | الباركود | الفرع الرئيسي | Date last seen | نوع المادة فى نظام كوها | مصدر التصنيف او خطة الترفيف | Total Checkouts | Date last checked out |
|---|---|---|---|---|---|---|---|---|---|---|---|---|---|
| 2017-08-03 | 005.824 SBA | 2017-08-03 | المكتبة المركزية بالمجمعة (CL) | 00656065 | المكتبة المركزية بالمجمعة (CL) | 2017-08-03 | كتاب | Dewey Decimal Classification | |||||
| 2017-08-03 | 005.824 SBA | 2017-08-03 | المكتبة المركزية بالمجمعة (CL) | 00656066 | المكتبة المركزية بالمجمعة (CL) | 2019-09-15 | كتاب | Dewey Decimal Classification | 1 | 2019-09-15 | |||
| 2017-08-03 | 005.824 SBA | 2017-08-03 | المكتبة المركزية بالمجمعة (CL) | 00656067 | المكتبة المركزية بالمجمعة (CL) | 2017-08-03 | كتاب | Dewey Decimal Classification |
